| 000 | 02269nam a22003617a 4500 | ||
|---|---|---|---|
| 001 | 105949 | ||
| 003 | KnowledgeUnlatched | ||
| 005 | 20210303104944.0 | ||
| 006 | m o d | ||
| 007 | cr u|||||||||| | ||
| 008 | 210129p20142020xx o u00| u ger d | ||
| 037 | _5BiblioBoard | ||
| 245 | 0 | 0 |
_aKrankheit und Kultur _bEinführung in die kulturvergleichende Psychiatrie / _cKristina M. Ritter, Thomas Stompe. |
| 020 | _a9783954661558 | ||
| 029 | 1 | _ahttps://library.biblioboard.com/ext/api/media/3b26a30c-3c79-4bce-8368-28f1c50b816a/assets/thumbnail.jpg | |
| 040 |
_aScCtBLL _cScCtBLL |
||
| 506 | 0 |
_aAccess copy available to the general public. _fUnrestricted _2star |
|
| 700 | 1 |
_aRitter, Kristina M. _eeditor. |
|
| 700 | 1 |
_aStompe, Thomas _eeditor. |
|
| 264 | 1 | _bMWV Medizinisch Wissenschaftliche Verlagsgesellschaft, | |
| 300 | _a1 online resource (1 p.) | ||
| 520 | _aDer erste Band der neuen Wiener Schriftenreihe zur Transkulturellen Psychiatrie setzt sich mit der komplexen Interaktion von Krankheit und Kultur auseinander, dem zentralen Forschungsfeld der kulturvergleichenden Psychiatrie. Sie untersucht den Einfluss von Kultur und Gesellschaft auf die Existenz und Häufigkeit, den Verlauf und die Ausprägung psychischer Störungen sowie die Krankheits- und Behandlungskonzepte in verschiedenen Kulturen. Das Buch erweitert den Blick auf psychische Störungen und hinterfragt kritisch unsere gewohnten Normalitätsannahmen. Es zeigt umfassend das Wechselspiel zwischen Krankheit und Kultur für die wichtigsten psychiatrischen Störungen, wie beispielsweise Angststörungen, Schizophrenie, Depression, Wahn oder Persönlichkeitsstörungen. | ||
| 588 | 0 | _aDescription based on print version record. | |
| 590 | _aKU Open Services | ||
| 650 | 7 |
_aPsychology / Movements _2bisacsh |
|
| 650 | 0 | _aPsychology | |
| 655 | 0 | _aElectronic books. | |
| 758 |
_iIs found in: _aKnowledge Unlatched _1https://openresearchlibrary.org/module/2774bc74-146a-484f-a7ba-ab1d6a09bbfb |
||
| 856 | 4 | 0 |
_uhttps://openresearchlibrary.org/content/3b26a30c-3c79-4bce-8368-28f1c50b816a _zView this content on Open Research Library. _70 |
| 999 |
_c33089 _d33089 |
||